000 00751nam a2200241 i 4500
001 14275
003 ES-MaACL
005 20230906150749.0
007 t|
008 981125s1990 xxu ||||1| eng d
020 _a0-262-13263-X
080 _a159.937.5:681.31
080 _a681.31:159.937.5
080 _a007.5
100 1 _aMurray, David W.
_984635
245 1 0 _aExperiments in the machine interpretation of visual motion /
_cDavid W. Murray and Bernard F. Buxton.
260 _aCambridge :
_bThe MIT Press,
_c[1990]
300 _a236 p. ;
_c24 cm.
650 1 4 _aPercepción visual-
_xAutomatización.
_915934
650 1 4 _aInteligencia artificial.
_913861
700 1 _aBuxton, Bernard F.
_932988
852 _aES-MaACL
_jL-21514
_bR.118984
999 _c14275
_d14275